| 000 | 00718nam a22002057a 4500 | ||
|---|---|---|---|
| 005 | 20251108164304.0 | ||
| 008 | 250721s1991 xx 000 0 ara d | ||
| 082 | 1 | 4 | _a355.0095694/ناد |
| 100 | 1 | _aرفعت، ناديه عز الدين | |
| 245 | 1 | 0 |
_aمن داود إلى جوليات : _bالمؤسسة العسكرية الإسرائيلية : الفكر و التنظيم / |
| 264 | 1 |
_aالقاهرة : _bسينا للنشر، _c1991. |
|
| 300 | _a174ص | ||
| 490 | 0 | _aعرب و إسرائيليون ؛ 1 | |
| 650 | 1 | 7 | _aإسرائيل |
| 650 | 1 | 7 | _aالشؤون العسكرية |
| 650 | 1 | 7 | _aالقوات المسلحة |
| 700 | 1 | _aحمودة، عمرو كمال | |
| 942 |
_2ddc _cBK |
||
| 999 |
_c8463 _d8463 |
||